000 01071cam a2200301 a 4500
001 40943
005 20230410101711.0
008 940823s1993 ht a bc 000 0 fre
010 _a 94200094
035 _a(OCoLC)ocm31608963
040 _aDLC
_cDLC
_dOCLCQ
035 _a(OCoLC)31608963
050 1 4 _a110 N 6608
_bD638p 1993
082 0 0 _a709/.2
100 1 _aDodard, Philippe,
_d1954-
245 1 0 _aPhilippe Dodard /
_cpreface, Michele Frisch ; avantpropos, Jean-Claude Garoute ; introduction, Rodney Saint-Eloi ; textes de support, Gerald Alexis ... [et al.].
260 _a[Porte-au-Prince, Haiti?] :
_bCollection Galerie Marassa,
_c[1993?]
300 _a120 p. :
_bill. (some col.) ;
_c20 x 23 cm.
500 _a"Soir d'encrier": p. [55]-[113].
504 _aIncludes bibliographical references (p. 120).
600 1 0 _aDodard, Philippe,
_d1954-
_vCatalogs.
650 4 _aCEH
650 4 _aColeccion Estudios Haitianos
700 1 _aAlexis, Gerald.
700 1 2 _aDodard, Philippe,
_d1954-
_tSoir d'encrier.
942 _2lcc
_cbk
994 _aC0
_bDRFGD
999 _c12335
_d12335